000
00201 a2200097 4500
001
8320
100
_a
O'Beien Twohigh C M
245
_a
Diplomatic Courier
260
_a
_b
Elek
_c
090
_c
6697
_d
6697
942
_a
NUST-CAE
_c
M
_c
33263
999
_c
243393
_d
243393